[Event "SWE-ch Seniors 65"]
[Site "Uppsala"]
[Date "2022.07.09"]
[Round "8"]
[White "Hedin, Gunnar"]
[Black "Gillefalk, Bjorn"]
[Result "1/2-1/2"]
[WhiteElo "2051"]
[BlackElo "2047"]
[PlyCount "55"]
[EventDate "2022.07.02"]
[EventType "swiss"]
[EventRounds "9"]
[EventCountry "SWE"]
[SourceTitle "EXT 2024"]
[Source "ChessBase"]
[SourceDate "2023.10.10"]
[SourceVersion "1"]
[SourceVersionDate "2023.10.10"]
[SourceQuality "1"]

1. d4 Nf6 2. c4 c5 3. d5 b5 4. cxb5 a6 5. bxa6 g6 6. Nc3 Bxa6 7. Nf3 Bg7 8. e4 Bxf1 9. Kxf1 d6 10. g3 0-0 11. Kg2 Nbd7 12. Bd2 Qb6 13. Qc2 Rfb8 14. Rhb1 Qb4 15. a4 Qb3 16. Ne1 Ng4 17. Ra3 Qxc2 18. Nxc2 Nb6 19. b3 Bxc3 20. Bxc3 Nxa4 21. Rba1 Nb6 22. Rxa8 Rxa8 23. Rxa8+ Nxa8 24. Ba5 Kf8 25. f4 Ke8 26. h3 Nf6 27. Kf3 Kd7 28. b4 1/2-1/2

[Event "SWE-ch Seniors 65"]
[Site "Uppsala"]
[Date "2022.07.05"]
[Round "4"]
[White "Westin, Ake"]
[Black "Gillefalk, Bjorn"]
[Result "0-1"]
[WhiteElo "1994"]
[BlackElo "2047"]
[PlyCount "132"]
[EventDate "2022.07.02"]
[EventType "swiss"]
[EventRounds "9"]
[EventCountry "SWE"]
[SourceTitle "EXT 2024"]
[Source "ChessBase"]
[SourceDate "2023.10.10"]
[SourceVersion "1"]
[SourceVersionDate "2023.10.10"]
[SourceQuality "1"]

1. e4 c5 2. Nc3 e6 3. g3 d5 4. Bg2 dxe4 5. Nxe4 Be7 6. Ne2 Nf6 7. d4 Nxe4 8. Bxe4 cxd4 9. Qxd4 0-0 10. Qxd8 Rxd8 11. Be3 Nc6 12. 0-0 e5 13. Nc3 Be6 14. Rfd1 f5 15. Bd5 Kf7 16. Bxe6+ Kxe6 17. a3 g5 18. f3 h5 19. Nb5 Rxd1+ 20. Rxd1 Rc8 21. Rd2 a6 22. Nc3 Na5 23. Rd3 Nc4 24. Bc1 g4 25. Kf1 gxf3 26. Rxf3 e4 27. Rf2 Bf6 28. Ne2 Bxb2 29. Bxb2 Nxb2 30. Nd4+ Ke5 31. Nxf5 Nd1 32. Ne7 Rxc2 33. Ng6+ Kd4 34. Rxc2 Ne3+ 35. Ke2 Nxc2 36. a4 Ne3 37. Nf4 Ng4 38. h3 Nf6 39. a5 Kc4 40. Ne6 Kb4 41. Nd8 Kxa5 42. Nxb7+ Kb6 43. Nd6 Kc5 44. Nb7+ Kd4 45. Na5 Nd5 46. Nb3+ Ke5 47. Nd2 Ne7 48. Nb3 Nf5 49. g4 Ng3+ 50. Kf2 h4 51. Ke3 Nf1+ 52. Kf2 Nh2 53. Ke3 Nf3 54. Nc5 Ng5 55. Nxa6 Nxh3 56. Nc5 Ng5 57. Nd7+ Kd6 58. Nf6 h3 59. Nh5 Ke5 60. Ng3 Ke6 61. Kf4 Kf6 62. Nh5+ Ke6 63. Ng7+ Kd5 64. Nf5 h2 65. Ng3 Kd4 66. Nh1 e3 0-1

[Event "Ostersund Storsjodraget op"]
[Site "Ostersund"]
[Date "2022.06.12"]
[Round "7"]
[White "Johansson, Alexander1"]
[Black "Gillefalk, Bjorn"]
[Result "0-1"]
[WhiteElo "1582"]
[BlackElo "2061"]
[PlyCount "62"]
[EventDate "2022.06.10"]
[EventType "swiss"]
[EventRounds "7"]
[EventCountry "SWE"]
[SourceTitle "CBM 208 Extra"]
[Source "ChessBase"]
[SourceDate "2022.07.31"]
[SourceVersion "1"]
[SourceVersionDate "2022.07.31"]
[SourceQuality "1"]

1. d4 d5 2. Nf3 e6 3. c4 Nf6 4. g3 Bb4+ 5. Bd2 Be7 6. Bg2 0-0 7. 0-0 c6 8. Qc2 b6 9. Bf4 Bb7 10. Nbd2 Nh5 11. Ne5 f6 12. Nef3 Nxf4 13. gxf4 f5 14. Ne5 Nd7 15. cxd5 Nxe5 16. dxe5 exd5 17. Nf3 Qd7 18. e3 Kh8 19. Nd4 c5 20. e6 Qe8 21. Nxf5 Qg6 22. Qa4 Qxf5 23. Qd7 Ba6 24. Qxe7 Bxf1 25. Kxf1 Rae8 26. Qxa7 Qd3+ 27. Ke1 Rxe6 28. Rd1 Rxe3+ 29. fxe3 Qxe3+ 30. Kf1 Rxf4+ 31. Bf3 Qxf3+ 0-1

[Event "Ostersund Storsjodraget op"]
[Site "Ostersund"]
[Date "2019.06.16"]
[Round "7"]
[White "Gillefalk, Bjorn"]
[Black "Dahl, Torbjorn"]
[Result "1-0"]
[WhiteElo "2063"]
[BlackElo "1891"]
[PlyCount "68"]
[EventDate "2019.06.14"]
[EventType "swiss"]
[EventRounds "7"]
[EventCountry "SWE"]
[SourceTitle "CBM 192 Extra"]
[Source "Chessbase"]
[SourceDate "2019.11.06"]
[SourceVersion "1"]
[SourceVersionDate "2019.11.06"]
[SourceQuality "1"]

1. e4 Nf6 2. e5 Nd5 3. d4 Nb6 4. c4 d6 5. exd6 cxd6 6. Nc3 g6 7. Be3 Bg7 8. Rc1 0-0 9. b3 Nc6 10. d5 Ne5 11. Be2 Bf5 12. Bd4 g5 13. g4 Bg6 14. h4 h6 15. hxg5 hxg5 16. Nh3 e6 17. Be3 exd5 18. cxd5 Re8 19. 0-0 f6 20. Nb5 Re7 21. Nxg5 fxg5 22. Bxg5 Qd7 23. Rc7 Qxc7 24. Nxc7 Rxc7 25. Be3 Rac8 26. f4 Bc2 27. Qd2 Nf7 28. Bd4 Bh7 29. Bxg7 Kxg7 30. Qd4+ Kg8 31. g5 Rc2 32. Bg4 Re8 33. Be6 Kf8 34. Qf6 Rc7 1-0

[Event "Vaxjo op"]
[Site "Vaxjo"]
[Date "2016.02.20"]
[Round "5"]
[White "Grueso Cordoba, Santiago"]
[Black "Gillefalk, Bjorn"]
[Result "1/2-1/2"]
[WhiteElo "1914"]
[BlackElo "2104"]
[PlyCount "60"]
[EventDate "2016.02.19"]
[EventType "swiss"]
[EventRounds "8"]
[EventCountry "SWE"]
[SourceTitle "CBM 170 Extra"]
[Source "ChessBase"]
[SourceDate "2016.02.25"]
[SourceVersion "1"]
[SourceVersionDate "2016.02.25"]
[SourceQuality "1"]

1. e4 e6 2. d4 d5 3. Nc3 Nf6 4. e5 Nfd7 5. f4 c5 6. Nf3 Nc6 7. Be3 Be7 8. Be2 0-0 9. 0-0 a6 10. Qd2 b5 11. Nd1 cxd4 12. Nxd4 Nxd4 13. Bxd4 Bc5 14. c3 Qb6 15. Nf2 a5 16. Qe3 b4 17. Nd3 Bxd4 18. cxd4 Ba6 19. g4 Rae8 20. Rf2 f6 21. Raf1 Bxd3 22. Bxd3 fxe5 23. fxe5 Rxf2 24. Rxf2 Rf8 25. Rxf8+ Nxf8 26. Qf4 a4 27. Kf2 a3 28. b3 Qc7 29. Qd2 Qe7 30. Kg3 g5 1/2-1/2

[Event "Vaxjo op"]
[Site "Vaxjo"]
[Date "2015.02.15"]
[Round "8"]
[White "Sjodahl, Pontus"]
[Black "Gillefalk, Bjorn"]
[Result "1-0"]
[WhiteElo "2428"]
[BlackElo "2090"]
[PlyCount "87"]
[EventDate "2015.02.13"]
[EventType "swiss"]
[EventRounds "8"]
[EventCountry "SWE"]
[SourceTitle "CBM 164 Extra"]
[Source "ChessBase"]
[SourceDate "2015.03.02"]
[SourceVersion "1"]
[SourceVersionDate "2015.03.02"]
[SourceQuality "1"]

1. d4 Nf6 2. c4 e6 3. Nc3 Bb4 4. e3 0-0 5. Nge2 d5 6. a3 Bd6 7. Ng3 c6 8. Bd3 e5 9. dxe5 Bxe5 10. cxd5 cxd5 11. Nce2 Nc6 12. 0-0 Re8 13. h3 Bd7 14. Rb1 g6 15. b4 h5 16. Re1 h4 17. Nf1 Ne4 18. f4 Bg7 19. Bb2 Bxb2 20. Rxb2 Qf6 21. Qc1 Rac8 22. Rc2 a6 23. Rd1 Bf5 24. Bxe4 Bxe4 25. Rc5 Ne7 26. Nh2 Rxc5 27. Ng4 Rxc1 28. Nxf6+ Kh8 29. Rxc1 Rc8 30. Rxc8+ Nxc8 31. Nc3 Nb6 32. Kf2 Nc4 33. a4 Nb2 34. Nfxe4 dxe4 35. Nxe4 Nxa4 36. Nd6 b6 37. Nxf7+ Kg7 38. Ne5 Nc3 39. Nc6 Kf6 40. Kf3 Ke6 41. e4 Kd6 42. Ne5 Na2 43. Nd3 b5 44. Ke3 1-0